| Tag |
First Indicator |
Second Indicator |
Subfields |
| LEADER |
00000cam a22000004a 4500 |
| 001 |
in00003388113 |
| 005 |
20190405194608.0 |
| 006 |
m d |
| 007 |
cr |||||||nn|n |
| 008 |
070425s2007 gau o d eng d |
| 010 |
|
|
|z 2007016765
|
| 020 |
|
|
|a 9780820342801
|
| 020 |
|
|
|a 0820342807
|
| 020 |
|
|
|z 9780820330402 (harcover : alk. paper)
|
| 020 |
|
|
|z 082033040X (hardcover : alk. paper)
|
| 035 |
|
|
|a (MdBmJHUP)muse9780820342801
|
| 040 |
|
|
|a MdBmJHUP
|c MdBmJHUP
|d UtOrBLW
|
| 043 |
|
|
|a n-us-sc
|a n-us---
|
| 050 |
0 |
0 |
|a F279.S7
|b L36 2007
|
| 082 |
0 |
0 |
|a 975.7/29
|2 22
|
| 100 |
1 |
|
|a Lane, John,
|d 1954-
|
| 245 |
1 |
0 |
|a Circling home /
|c John Lane.
|
| 264 |
|
1 |
|a Athens :
|b University of Georgia Press,
|c [2007]
|
| 264 |
|
4 |
|c ©2007
|
| 300 |
|
|
|a 1 online resource (206 pages :) :
|b map
|
| 336 |
|
|
|a text
|b txt
|2 rdacontent
|
| 337 |
|
|
|a computer
|b c
|2 rdamedia
|
| 338 |
|
|
|a online resource
|b cr
|2 rdacarrier
|
| 505 |
0 |
|
|a Prologue : drawing the circle -- How we came to live here -- Dream house / green house -- Eugene -- Flood -- Alamos -- Our Indian country -- Fred's cache -- Suburban renewal -- Across the creek and into the suburbs -- The upper shoals -- The mill downstream -- Nearby fields of leisure -- I'll take my stand -- Bottom dog -- The unnatural history of a clear-cut -- Driving the circle with Fred -- Epilogue : is.
|
| 588 |
|
|
|a Description based on print version record.
|
| 500 |
|
|
|a Electronic resource.
|
| 600 |
1 |
0 |
|a Lane, John,
|d 1954-
|x Homes and haunts
|z South Carolina
|z Spartanburg.
|
| 651 |
|
0 |
|a Spartanburg (S.C.)
|x Description and travel.
|
| 651 |
|
0 |
|a Spartanburg (S.C.)
|v Biography.
|
| 650 |
|
0 |
|a Outdoor life
|z United States.
|
| 650 |
|
0 |
|a Naturalists
|z United States
|v Biography.
|
| 650 |
|
0 |
|a Natural history
|z South Carolina
|z Spartanburg.
|
| 655 |
|
7 |
|a Electronic books.
|2 local
|
| 856 |
4 |
0 |
|u http://proxy.library.tamu.edu/login?url=http://muse.jhu.edu/books/9780820342801/
|z Connect to the full text of this electronic book
|t 0
|
| 999 |
|
|
|a MARS
|
| 999 |
f |
f |
|s 7932ba07-4f72-3875-830f-a23f2130ff0c
|i 03f2a895-3b2f-3113-883e-9abd11e00091
|t 0
|
| 952 |
f |
f |
|a Texas A&M University
|b College Station
|c Electronic Resources
|d Available Online
|t 0
|e F279.S7 L36 2007
|h Library of Congress classification
|
| 998 |
f |
f |
|a F279.S7 L36 2007
|t 0
|l Available Online
|